000 00541nam a2200169Ia 4500
008 090711s9999 xx 000 0 und d
082 _b65575
100 _aपरदेशी दिलीप
245 _aथेंब .... थेंब .... आभाळ
260 _c1990
300 _a61
600 _aपरदेशी दिलीप
630 _aथेंब .... थेंब .... आभाळ
700 _aपरदेशी दिलीप
730 _aथेंब .... थेंब .... आभाळ
942 _cBOOK
999 _c308003
_d308003